مولانا آزاد کےسیانسی مضامین / (Record no. 109612)

MARC details
000 -LEADER
fixed length control field 00654nam a22001817a 4500
005 - DATE AND TIME OF LATEST TRANSACTION
control field 20200130102352.0
010 ## - LCCN (DPL NO)
LC control number B-245228
020 ## - INTERNATIONAL STANDARD BOOK NUMBER
Terms of availability 150.00
035 ## - SYSTEM CONTROL NUMBER
System control number B-245228
037 ## - SOURCE OF ACQUISITION
Source of stock number/acquisition Cen Lib/Ret
082 ## - DEWEY DECIMAL CLASSIFICATION NUMBER
Classification number 500
245 ## - TITLE STATEMENT
Title مولانا آزاد کےسیانسی مضامین /
Statement of responsibility, etc مرتب و مولف - وہاب قیصر
246 ## - VARYING FORM OF TITLE
Title proper/short title Maulana Azaad ke Siyasi Muzamin /
Remainder of title edited by Wahab Qaisar
260 ## - PUBLICATION, DISTRIBUTION, ETC. (IMPRINT)
Place of publication, distribution, etc پٹنہ
Name of publisher, distributor, etc خدا بخش اور ينٹل پبک لابري
Date of publication, distribution, etc 2006 ء
270 ## - ADDRESS
Address خدا بخش اور ينٹل پبک لابري
City پٹنہ
Postal code 4
300 ## - PHYSICAL DESCRIPTION
Extent 256ص
Dimensions 20cm(Hb)
942 ## - ADDED ENTRY ELEMENTS (KOHA)
Source of classification or shelving scheme Dewey Decimal Classification
Item type Urdu Bks
Classification part 500
Call number suffix ا ب و
Holdings
Withdrawn status Lost status Not for loan Home library Current library Date acquired Source of acquisition Cost, normal purchase price Full call number Barcode Koha item type
      Central Library Central Library 12/04/2016 DPL 150.00 500 ا ب و B-245228 Urdu Bks

© Delhi Public Library
Hit Counter
free hit counter